000 02000nam0a22003371 4500
001 rc\4014383
005 20250611055416.0
021 _aRU
_b[55-61507]
035 _a(NLR Aleph) 008081817
090 _a9128495
_c9128495
100 _a20130415d1955 |||y0rusy50 ca
101 0 _arus
102 _aRU
105 _aa g |||||
200 1 _aСправочник по теплоизмерительным приборам и авторегуляторам электрических станций
205 _a2-е изд., заново перераб.
210 _aМосква
_aЛенинград
_cГосэнергоиздат
_d1955
215 _a352 с.
_cил.
_d21
300 _a1-е изд. вышло под загл.: Справочник по приборам теплового контроля промышленных котельных
300 _aНа переплете загл.: Справочник по измерительным приборам и регуляторам тепловых процессов
300 _a3-е изд. вышло под загл.: Справочник по приборам теплового контроля и авторегулирования для электростанций и промышленных котельных
320 _aБиблиогр.: с. 346-348
517 0 _aСправочник по приборам теплового контроля и авторегулирования для электростанций и промышленных котельных
517 0 _aСправочник по измерительным приборам и регуляторам тепловых процессов
606 _aТеплоизмерительные приборы
_jСправочники
_2psbo
700 1 _aКошарский
_bБ.Д.
_gБорис Давидович
801 0 _aRU
_bNLR
_gpsbo
801 1 _aRU
_bELAR
_2rusmarc
852 _aNLR
_jТ14 Г-3/290
942 _cBOOK
980 _aNB